| 000 | nam a22 7a 4500 | ||
|---|---|---|---|
| 999 |
_c49457 _d49457 |
||
| 003 | OSt | ||
| 005 | 20191215131844.0 | ||
| 008 | 191215b xxu||||| |||| 00| 0 eng d | ||
| 040 |
_cIIMT UNIVERISTY MEERUT _dSEROSOFT |
||
| 100 | _aRODAY SUNETRA | ||
| 245 |
_aFOOD HYGIENE AND SANITATION WITH CASE STUDIES _cAUTHOR _hENGLISH |
||
| 260 |
_aMC GRAW HILL EDUCARTION _cCHENNAI |
||
| 300 |
_aPAPERBACK _b424PP |
||
| 760 | _bSECOND ED | ||
| 856 | _3PAPERBACK | ||
| 887 | _2TITEL | ||
| 942 |
_2ddc _c01 _eMC GRAW HILL EDU _h615.19ROD _m615.19ROD |
||